000
00293 a2200121 4500
001
86537
082
_a
398.2 LOK
090
_c
40714
_d
40714
100
_a
Ghulam Ali
245
_a
Heritage & Folklore GM-04 (Only DVD)
260
_a
Islamabad
_b
Lok Virsa Islamabad
_c
2012
500
_a
Lok Virsa
942
_a
CAENUST
_k
398.2 LOK
999
_c
321610
_d
321610